| 000 | 00569nam a2200229Ia 4500 | ||
|---|---|---|---|
| 005 | 20260320201522.0 | ||
| 008 | 008 262003s9999 xx 000 0 eng d | ||
| 037 | _aEBOOK | ||
| 040 | _aCRL | ||
| 040 | _beng | ||
| 040 | _cCRL | ||
| 041 | _2eng | ||
| 041 | _aeng | ||
| 084 | _qCRL | ||
| 100 |
_aGropp _91135282 |
||
| 245 | 0 | _aUsing Advanced MPI: Modern Features of the Message-Passing Interface | |
| 260 | _bIEEE | ||
| 856 | _uhttps://ieeexplore.ieee.org/servlet/opac?bknumber=6981848 | ||
| 942 | _cEBOOK | ||
| 999 |
_c1721747 _d1721747 |
||